| 000 | 00641nam a22002417a 4500 | ||
|---|---|---|---|
| 003 | UA-OsUOA | ||
| 001 | 31213 | ||
| 007 | ta | ||
| 008 | 20041207b un ||||| |||| 00| 0 ukr d | ||
| 100 | _aРыбинцев И. В. | ||
| 090 |
_a82.09 _bР93 |
||
| 942 | _cBK | ||
| 040 |
_aUA-OsUOA _brus _cUA-OsUOA _dUA-OsUOA |
||
| 245 |
_aСоветский художественный очерк _bПроблемы теории и мастерства жанра |
||
| 300 | _a167 с. | ||
| 955 | _a0 | ||
| 041 | _arus | ||
| 080 | _a82.09 | ||
| 260 |
_aКиев _bВища школа _c1976 |
||
| 044 | _aUA | ||
| 650 | 7 | _2UDC | |
| 999 |
_c317635 _d317635 |
||